[Event "Villa Yayabo tt"]
[Site "Sancti Spiritus"]
[Date "2018.06.09"]
[Round "9.2"]
[White "Cardenas Nunez, Yusley"]
[Black "Ulloa Gonzalez, Luis Manuel"]
[Result "1/2-1/2"]
[WhiteElo "2024"]
[BlackElo "2037"]
[PlyCount "38"]
[EventDate "2018.06.04"]
[EventType "team-tourn"]
[EventRounds "10"]
[EventCountry "CUB"]
[SourceTitle "EXT 2021"]
[Source "ChessBase"]
[SourceDate "2020.10.23"]
[SourceVersion "1"]
[SourceVersionDate "2020.10.23"]
[SourceQuality "1"]

1. e4 c5 2. Nf3 Nc6 3. d4 cxd4 4. Nxd4 g6 5. Nc3 Bg7 6. Be3 Nf6 7. Be2 0-0 8. 0-0 d5 9. exd5 Nxd5 10. Nxd5 Nxd4 11. Bxd4 Qxd5 12. Bxg7 Qxd1 13. Raxd1 Kxg7 14. Bf3 Bf5 15. h3 Be6 16. Rfe1 Rad8 17. Rxd8 Rxd8 18. Kf1 Kf8 19. a3 a5 1/2-1/2

[Event "Tomas Aguilera Angelino Memorial"]
[Site "Ciego de Avila"]
[Date "2018.04.06"]
[Round "4"]
[White "Cardenas Nunez, Yusley"]
[Black "Gomez Segura, Adalberto"]
[Result "1/2-1/2"]
[WhiteElo "2063"]
[BlackElo "2193"]
[PlyCount "56"]
[EventDate "2018.04.05"]
[EventType "swiss"]
[EventRounds "9"]
[EventCountry "CUB"]
[SourceTitle "EXT 2021"]
[Source "ChessBase"]
[SourceDate "2020.10.23"]
[SourceVersion "1"]
[SourceVersionDate "2020.10.23"]
[SourceQuality "1"]

1. d4 d5 2. Nf3 g6 3. c4 c6 4. e3 Bg7 5. Nc3 Nf6 6. Bd3 0-0 7. 0-0 c5 8. cxd5 cxd4 9. Nxd4 Nxd5 10. Nxd5 Qxd5 11. Qe2 Nc6 12. Nb5 Qd8 13. Rd1 Qb6 14. e4 Nd4 15. Nxd4 Bxd4 16. Bh6 Rd8 17. Bc4 Be6 18. Bxe6 Qxe6 19. Rd2 Rd7 20. a3 Rad8 21. g3 Qh3 22. Bf4 h6 23. Rad1 Bg7 24. Rxd7 Rxd7 25. Rxd7 Qxd7 26. b3 Qd4 27. Kg2 g5 28. Bc1 Qc3 1/2-1/2

[Event "Bayamo Cespedes Memorial op"]
[Site "Bayamo"]
[Date "2017.03.07"]
[Round "9.5"]
[White "Diaz Del Valle, Laura Beatriz"]
[Black "Cardenas Nunez, Yusley"]
[Result "1-0"]
[WhiteElo "2051"]
[BlackElo "2128"]
[PlyCount "81"]
[EventDate "2017.03.01"]
[EventType "swiss"]
[EventRounds "9"]
[EventCountry "CUB"]
[SourceTitle "EXT 2023"]
[Source "ChessBase"]
[SourceDate "2022.10.05"]
[SourceVersion "1"]
[SourceVersionDate "2022.10.05"]
[SourceQuality "1"]

1. d4 Nf6 2. c4 e6 3. Nc3 d5 4. Bg5 Nbd7 5. cxd5 exd5 6. e3 c6 7. Bd3 Be7 8. Nge2 Ne4 9. Bxe7 Qxe7 10. Bxe4 dxe4 11. Ng3 Nf6 12. Qc2 0-0 13. Ngxe4 Bf5 14. Nxf6+ Qxf6 15. Qd2 Qg6 16. 0-0 Rad8 17. Rfe1 Rfe8 18. Rad1 h5 19. f3 Be6 20. Ne2 Bxa2 21. Ra1 Bc4 22. Nf4 Qh6 23. Rxa7 Ba6 24. Rc1 g5 25. Nd3 Qd6 26. Nb4 Ra8 27. Rxa8 Rxa8 28. Rc5 f6 29. Ra5 Qd8 30. Nxa6 Qb6 31. Rf5 Rxa6 32. Rxf6 Ra1+ 33. Kf2 Kg7 34. Rf5 Rb1 35. Rxg5+ Kh6 36. Rg6+ Kh7 37. Qd3 Rxb2+ 38. Kg3 Qc7+ 39. Kh3 Qc8+ 40. Re6+ Kh8 41. Qf5 1-0